000 00436nam a2200133Ia 4500
008 231129s1993||||xx |||||||||||||| ||spa||
020 _a958-9206-34-4
040 _bspa
082 _a371.3078 H368s
245 0 _aSituacion de los materiales educativos en la subregion andina: Programa materiales educativos y calidad de laeducacion basica
260 _c1993
264 _aSecab
942 _2ddc
_cBKS
999 _c24704
_d24704